000 00617nam a2200217 a 4500
001 BRCA_3550
005 20190320204329.0
008 310709s1962----u--a---###---#000-0#eng-#
041 _aeng
044 _au
050 4 _aND813.T4
_b.W48 1962
100 1 _aWethey, Harold Edwin
_99213
245 1 0 _aEl greco and his school
_cby Harold E. Wethey.
260 _aPrinceton, Nueva Jersey
_bPrinceton University
_c1962
300 _a2 v.
_bil.
_c29 cm.
500 _aB218
600 1 4 _aTheotocopulli, Dominico
_cllamado El Greco
_dm. 1614
_99214
650 1 4 _aPintores espaƱoles
_97620
902 _aGFM
942 _2lcc
_cB
999 _c3285
_d3285